Memoria sobre la necesidad de establecer escuelas de agricultura en Galicia / (Record no. 161409)

MARC details
000 -LEADER
campo de control de longitud fija 00958nam a2200205 i 4500
001 - NÚMERO DE CONTROL
campo de control 161409
003 - IDENTIFICADOR DE NÚMERO DE CONTROL
campo de control ES-MaACL
005 - FECHA Y HORA DE LA ÚLTIMA TRANSACCIÓN
campo de control 20260103153152.0
008 - DATOS DE LONGITUD FIJA--INFORMACIÓN GENERAL
campo de control de longitud fija 940301s1862 sp |||| | spa d
100 1# - ENTRADA PRINCIPAL--NOMBRE DE PERSONA
Nombre de persona Pardo Bazán, José.
9 (RLIN) 130832
245 10 - MENCIÓN DEL TÍTULO
Título Memoria sobre la necesidad de establecer escuelas de agricultura en Galicia /
Mención de responsabilidad, etc. por José Pardo Bazán y por el conde de Pallares.
260 ## - PUBLICACIÓN, DISTRIBUCIÓN, ETC.
Lugar de publicación, distribución, etc. Madrid :
Nombre del editor, distribuidor, etc. [s.n.],
Fecha de publicación, distribución, etc. 1862 (
Fabricante Imp. de la Compañía de Impresores y Libreros, a cargo de D.A. Avrial)
300 ## - DESCRIPCIÓN FÍSICA
Extensión 73 p. ;
Dimensiones 23 cm.
530 ## - NOTA DISPONIBLE DE FORMULARIO FÍSICO ADICIONAL
Nota de formato físico adicional disponible Disponible en formato digital.
650 #4 - PUNTO DE ACCESO ADICIONAL DE MATERIA--TÉRMINO DE MATERIA
Término de materia o nombre geográfico como elemento de entrada Enseñanza agrícola-
Subdivisión geográfica Galicia.
9 (RLIN) 155774
700 1# - ENTRADA AGREGADA--NOMBRE PERSONAL
Nombre de persona Pallares, Manuel Vázquez de Parga Somoza,
Títulos y otros términos asociados al nombre Conde de
9 (RLIN) 125520
852 ## - LOCALIZACIÓN
Ubicación ES-MaACL
Número de control de estantería T-69-F-4
Nota libre - Enc. hol.
condición física - Falto de cub. original
Nota libre - Enc. en un vol. facticio
856 ## - LOCALIZACIÓN Y ACCESO ELECTRÓNICOS
Identificador Uniforme de Recursos <a href="http://biblioteca.galiciana.gal/es/consulta/registro.do?id=4840 ">http://biblioteca.galiciana.gal/es/consulta/registro.do?id=4840 </a>
Nota pública Biblioteca Dixital de Galicia
Holdings
Estatus retirado Estado de pérdida Estado de daño No para préstamo Colección Biblioteca de origen Biblioteca actual Ubicación en estantería Fecha de adquisición Total de préstamos Signatura topográfica completa Código de barras Visto por última vez Precio de reemplazo Tipo de ítem Koha
        Colección de folletos Biblioteca del Ateneo de Madrid Biblioteca del Ateneo de Madrid Depósito folletos 17/01/2008   T-69-F-4 1169072 23/02/2023 23/02/2023 Folleto